| 000 | 00476nam a2200181Ia 4500 | ||
|---|---|---|---|
| 008 | 131103s9999 xx 000 0 und d | ||
| 020 | _a91073316 | ||
| 040 | _aLoreto College | ||
| 041 | _aEnglish | ||
| 082 |
_a570/WOO _bLCBED/3171 |
||
| 100 | _aWood, Ivan | ||
| 245 |
_aBasic concepts in science2 _cIvan Wood |
||
| 260 |
_aLondon _bHutchinson Educational _c1971 |
||
| 300 |
_a60p. _b ills. _c 25cm. |
||
| 650 | _aGeneral Science | ||
| 850 | _aLCBED/570/WOO | ||
| 942 | _cBK | ||
| 999 |
_c28246 _d78725 |
||